[Event "Montigny le Bretonneux op 22nd"]
[Site "Montigny le Bretonneux"]
[Date "2018.05.13"]
[Round "7"]
[White "Sondermeijer, Antoine"]
[Black "Trevisiol, Thierry"]
[Result "1/2-1/2"]
[WhiteElo "1465"]
[BlackElo "1578"]
[PlyCount "71"]
[EventDate "2018.05.10"]
[EventType "swiss"]
[EventRounds "9"]
[EventCountry "FRA"]
[SourceTitle "CBM 184 Extra"]
[Source "ChessBase"]
[SourceDate "2018.06.28"]
[SourceVersion "1"]
[SourceVersionDate "2018.06.28"]
[SourceQuality "1"]

1. c4 Nf6 2. Nf3 c5 3. Nc3 Nc6 4. g3 d6 5. Bg2 Bg4 6. h3 Bf5 7. d4 Nb4 8. 0-0 Qd7 9. Kh2 Bc2 10. Qd2 Bg6 11. d5 h6 12. a3 Na6 13. Qe1 Ne4 14. Nh4 Nxc3 15. Nxg6 fxg6 16. Qxc3 g5 17. f4 g4 18. e4 0-0-0 19. hxg4 Rg8 20. g5 hxg5 21. g4 Qxg4 22. Bh3 Rh8 23. Rg1 Rxh3+ 24. Qxh3 Qxh3+ 25. Kxh3 gxf4 26. Bxf4 e5 27. Bg5 Rd7 28. Raf1 Be7 29. Rf7 Bd8 30. Rxd7 Kxd7 31. Bd2 Bf6 32. b4 Nc7 33. Bg5 cxb4 34. Bxf6 gxf6 35. axb4 Na6 36. Rg7+ 1/2-1/2

[Event "Montigny le Bretonneux op 22nd"]
[Site "Montigny le Bretonneux"]
[Date "2018.05.13"]
[Round "9"]
[White "Trevisiol, Thierry"]
[Black "Duval, Dominique"]
[Result "1-0"]
[WhiteElo "1578"]
[BlackElo "1704"]
[PlyCount "59"]
[EventDate "2018.05.10"]
[EventType "swiss"]
[EventRounds "9"]
[EventCountry "FRA"]
[SourceTitle "CBM 184 Extra"]
[Source "ChessBase"]
[SourceDate "2018.06.28"]
[SourceVersion "1"]
[SourceVersionDate "2018.06.28"]
[SourceQuality "1"]

1. d4 d5 2. c4 Nc6 3. Nc3 dxc4 4. e3 e5 5. d5 Nb4 6. Bxc4 Nf6 7. Nge2 a6 8. a3 b5 9. Bb3 Nbxd5 10. Nxd5 Bb7 11. Nxf6+ Qxf6 12. 0-0 Rd8 13. Qc2 Bd6 14. e4 0-0 15. Be3 Qg6 16. f3 h5 17. Rac1 Bc8 18. Kh1 Kh8 19. Rfd1 f5 20. Bd5 f4 21. Bc5 Rf6 22. Bxd6 cxd6 23. Rd2 Qg5 24. Ng1 h4 25. Qc7 Rdf8 26. Qe7 Qh6 27. Rdc2 h3 28. Rxc8 hxg2+ 29. Kxg2 Rg6+ 30. Kh1 1-0

[Event "Montigny le Bretonneux op 22nd"]
[Site "Montigny le Bretonneux"]
[Date "2018.05.10"]
[Round "3"]
[White "Trevisiol, Thierry"]
[Black "Privat, Jean Claude"]
[Result "1-0"]
[WhiteElo "1578"]
[BlackElo "1605"]
[PlyCount "59"]
[EventDate "2018.05.10"]
[EventType "swiss"]
[EventRounds "9"]
[EventCountry "FRA"]
[SourceTitle "CBM 184 Extra"]
[Source "ChessBase"]
[SourceDate "2018.06.28"]
[SourceVersion "1"]
[SourceVersionDate "2018.06.28"]
[SourceQuality "1"]

1. d4 d5 2. c4 e6 3. Nf3 Nf6 4. Bg5 Nbd7 5. Nc3 c6 6. cxd5 exd5 7. e3 Be7 8. Bd3 0-0 9. Rc1 Re8 10. Bb1 Nf8 11. Qc2 Nh5 12. Bxe7 Qxe7 13. 0-0 Nf6 14. Ne5 Ng6 15. Nf3 Bg4 16. Nd2 Rac8 17. Qa4 a6 18. b4 Nh4 19. Bd3 Bf5 20. Be2 Ne4 21. Ncxe4 dxe4 22. g3 Ng6 23. Rc5 Bh3 24. Rfc1 Rcd8 25. a3 Bc8 26. Bf1 Bg4 27. Bg2 Be6 28. Bxe4 Qf6 29. Bg2 Rd5 30. Bxd5 1-0

[Event "Montigny le Bretonneux op 21st"]
[Site "Montigny le Bretonneux"]
[Date "2017.05.28"]
[Round "8"]
[White "Trevisiol, Thierry"]
[Black "Privat, Jean Claude"]
[Result "0-1"]
[WhiteElo "1611"]
[BlackElo "1633"]
[PlyCount "28"]
[EventDate "2017.05.25"]
[EventType "swiss"]
[EventRounds "9"]
[EventCountry "FRA"]
[SourceTitle "EXT 2020"]
[Source "ChessBase"]
[SourceDate "2019.10.17"]
[SourceVersion "1"]
[SourceVersionDate "2019.10.17"]
[SourceQuality "1"]

1. b4 d5 2. Bb2 e6 3. a3 Nf6 4. e3 Nbd7 5. c4 c6 6. Nf3 Be7 7. Qc2 0-0 8. d3 Qc7 9. Nbd2 a5 10. cxd5 Nxd5 11. b5 cxb5 12. Qb3 Qb6 13. Nd4 Bf6 14. Nc4 bxc4 0-1

[Event "Montigny le Bretonneux op 21st"]
[Site "Montigny le Bretonneux"]
[Date "2017.05.27"]
[Round "4"]
[White "Trevisiol, Thierry"]
[Black "Artieres, Michel"]
[Result "1-0"]
[WhiteElo "1611"]
[BlackElo "1753"]
[PlyCount "87"]
[EventDate "2017.05.25"]
[EventType "swiss"]
[EventRounds "9"]
[EventCountry "FRA"]
[SourceTitle "EXT 2020"]
[Source "ChessBase"]
[SourceDate "2019.10.17"]
[SourceVersion "1"]
[SourceVersionDate "2019.10.17"]
[SourceQuality "1"]

1. b4 Nf6 2. Bb2 e6 3. a3 d5 4. e3 Nbd7 5. c4 dxc4 6. Bxc4 Nb6 7. Be2 Be7 8. f4 Ne4 9. Nf3 Bh4+ 10. g3 Bf6 11. Qc2 Bxb2 12. Qxb2 0-0 13. Nc3 Nf6 14. Rc1 Bd7 15. Ne5 Be8 16. Bf3 c6 17. Ke2 Nfd7 18. Nd3 Nc4 19. Qb3 Ndb6 20. Rc2 Qe7 21. Ne4 Nd6 22. Nec5 Nd7 23. Rhc1 Nxc5 24. Nxc5 e5 25. Kf2 Kh8 26. fxe5 Qxe5 27. Nd3 Qf6 28. Kg2 Bd7 29. Rf1 Qh6 30. Nf2 Be6 31. Qb2 Nc4 32. Qc3 Rad8 33. Be2 Nd6 34. Qe5 f5 35. Nh3 Nf7 36. Qf4 g5 37. Qf2 Bd5+ 38. Bf3 Bxf3+ 39. Qxf3 g4 40. Qxf5 gxh3+ 41. Kg1 Ng5 42. Qe5+ Qg7 43. Qa1 Rxf1+ 44. Qxf1 1-0